000 00448nam a2200169 i 4500
001 91036
003 ES-MaACL
005 20231213062941.0
007 t|
008 050126s1962 sp |||| | spa d
100 1 _aLera, Ángel María de,
_d1912-1984
_971742
245 1 0 _aTrampa /
_cAngel Mª de Lera.
260 _aMadrid :
_bAguilar,
_c1962.
300 _a242 p. ;
_c19 cm.
852 _aES-MaACL
_jC-20602
999 _c91036
_d91036